00521nam a2200169Ia 45000030006000000080041000060400015000471000040000622450027001022500011001292600024001405460012001649420012001769990017001880050017002059520129002220STCL150530s9999 xx 000 0 und d aSTCLcSTCL aArthur Frost, A.; Ralph Pearson, G. aKinetica and mechanism aSecond bWiley Easternc1970 aEnglish 2ddccBK c33381d3338120220125170310.0 00102ddc4070aSTCALbSTCALcGENd2015-05-30g17.00l2m1o547.1-4p21524r2016-10-31 00:00:00s2016-10-07w2015-05-30yBK